[Event "Hannover Bezirks-ch B"]
[Site "Lehrte"]
[Date "2019.10.05"]
[Round "5.2"]
[White "Busch, Hans Hinrich"]
[Black "Braun, Alexander"]
[Result "1-0"]
[WhiteElo "1647"]
[BlackElo "1710"]
[PlyCount "116"]
[EventDate "2019.10.03"]
[EventType "swiss"]
[EventRounds "7"]
[EventCountry "GER"]
[SourceTitle "EXT 2023"]
[Source "ChessBase"]
[SourceDate "2022.10.05"]
[SourceVersion "1"]
[SourceVersionDate "2022.10.05"]
[SourceQuality "1"]

1. c4 Nf6 2. Nf3 d6 3. g3 g6 4. Bg2 Bg7 5. Nc3 0-0 6. 0-0 Nc6 7. d3 e5 8. Rb1 Bd7 9. Bg5 h6 10. Bxf6 Bxf6 11. Nd5 Bg7 12. b4 f5 13. b5 Ne7 14. Nxe7+ Qxe7 15. Nh4 Kh7 16. Bxb7 g5 17. Ng2 f4 18. Bxa8 Rxa8 19. e3 Qf7 20. gxf4 gxf4 21. Qf3 Rf8 22. exf4 exf4 23. Rfe1 h5 24. Re4 Be5 25. h3 Bf5 26. Re2 Qg6 27. Rd1 Rg8 28. Kh1 Bg4 29. hxg4 hxg4 30. Qe4 f3 31. Qxg6+ Rxg6 32. Rxe5 fxg2+ 33. Kxg2 dxe5 34. Re1 Rg5 35. Re4 Kg6 36. Kg3 Kf5 37. c5 Rg7 38. a4 Rd7 39. Rxg4 Rxd3+ 40. f3 Rc3 41. c6 Ra3 42. Rg7 e4 43. Rxc7 Rxf3+ 44. Kg2 Rc3 45. Rxa7 Rc2+ 46. Kf1 Ke5 47. Rd7 Kf4 48. Ke1 Ke3 49. Kd1 Rc5 50. c7 Kf2 51. Rf7+ Ke3 52. b6 Rd5+ 53. Kc2 Rd2+ 54. Kc1 Ke2 55. c8Q e3 56. Qc4+ Rd3 57. Kc2 Ke1 58. Qxd3 e2 1-0

[Event "Hannover Bezirks-ch B"]
[Site "Lehrte"]
[Date "2019.10.04"]
[Round "4.1"]
[White "Braun, Alexander"]
[Black "Pubantz, Richard"]
[Result "1/2-1/2"]
[WhiteElo "1710"]
[BlackElo "1703"]
[PlyCount "66"]
[EventDate "2019.10.03"]
[EventType "swiss"]
[EventRounds "7"]
[EventCountry "GER"]
[SourceTitle "EXT 2023"]
[Source "ChessBase"]
[SourceDate "2022.10.05"]
[SourceVersion "1"]
[SourceVersionDate "2022.10.05"]
[SourceQuality "1"]

1. e4 c5 2. d4 cxd4 3. c3 dxc3 4. Nxc3 d6 5. Nf3 Nc6 6. Bc4 e6 7. 0-0 Be7 8. Qe2 Nf6 9. Rd1 Qa5 10. Nb5 0-0 11. Nxd6 Rd8 12. Bd2 Qh5 13. Nxc8 Raxc8 14. Bc3 a6 15. a4 Qg6 16. Bxf6 Qxf6 17. e5 Qf4 18. g3 Qg4 19. Kg2 Na5 20. Rxd8+ Bxd8 21. Bd3 Qb4 22. Qe4 Qxe4 23. Bxe4 f5 24. exf6 Bxf6 25. Rd1 Rc7 26. h4 h6 27. Bg6 Kf8 28. Re1 Bxb2 29. Rxe6 Re7 30. Rd6 Nc6 31. Nd2 Bf6 32. Nc4 Rc7 33. Re6 Re7 1/2-1/2

[Event "Hannover Bezirks-ch B"]
[Site "Lehrte"]
[Date "2019.10.03"]
[Round "2.3"]
[White "Braun, Alexander"]
[Black "Brockmann, Marc"]
[Result "1/2-1/2"]
[WhiteElo "1710"]
[BlackElo "1635"]
[PlyCount "94"]
[EventDate "2019.10.03"]
[EventType "swiss"]
[EventRounds "7"]
[EventCountry "GER"]
[SourceTitle "EXT 2023"]
[Source "ChessBase"]
[SourceDate "2022.10.05"]
[SourceVersion "1"]
[SourceVersionDate "2022.10.05"]
[SourceQuality "1"]

1. e4 e6 2. Nf3 d5 3. e5 c5 4. b4 cxb4 5. d4 Bd7 6. a3 Qb6 7. Be3 Bb5 8. c4 bxc3 9. Nxc3 Bxf1 10. Kxf1 Qa6+ 11. Kg1 Nc6 12. h3 Nge7 13. Qc2 Nf5 14. Nxd5 Nxe3 15. Nxe3 Rd8 16. d5 Nb4 17. axb4 Qxa1+ 18. Kh2 Qa6 19. d6 Bxd6 20. exd6 Qxd6+ 21. g3 Qxb4 22. Rb1 Qe7 23. Nf5 Qf6 24. Qa4+ Kf8 25. Qb4+ Ke8 26. Qb5+ Kf8 27. Qc5+ Ke8 28. Rxb7 exf5 29. Qb5+ Kf8 30. Ne5 g6 31. Rxa7 Kg7 32. Nxf7 Qxf7 33. Qe5+ Kg8 34. Rxf7 Kxf7 35. Qc7+ Kf6 36. h4 h5 37. Kg2 Rhe8 38. Qf4 Kg7 39. Qg5 Rd7 40. Qc1 Rde7 41. Qc3+ Kh7 42. Qf6 Kh6 43. f4 Re6 44. Qc3 Re3 45. Qc5 Re2+ 46. Kf3 R2e7 47. Qb6 Re6 1/2-1/2

[Event "Hannover Bezirks op"]
[Site "Hannover"]
[Date "2019.05.11"]
[Round "7.2"]
[White "Kiesel, Harald"]
[Black "Braun, Alexander"]
[Result "1-0"]
[WhiteElo "2051"]
[BlackElo "1754"]
[PlyCount "103"]
[EventDate "2019.01.19"]
[EventType "swiss"]
[EventRounds "7"]
[EventCountry "GER"]
[SourceTitle "EXT 2023"]
[Source "ChessBase"]
[SourceDate "2022.10.05"]
[SourceVersion "1"]
[SourceVersionDate "2022.10.05"]
[SourceQuality "1"]

1. e4 e5 2. Nf3 d5 3. exd5 Bd6 4. d4 e4 5. Ne5 Nf6 6. Nc3 0-0 7. Be2 Bf5 8. Bg5 Re8 9. Nc4 Be7 10. Ne3 Bg6 11. h4 h6 12. Bf4 Bb4 13. h5 Bh7 14. Rh3 Bd6 15. Bxd6 Qxd6 16. Qd2 c6 17. Nc4 Qd8 18. Rg3 Kf8 19. dxc6 Nxc6 20. 0-0-0 Rc8 21. d5 Nb4 22. Qd4 b5 23. Ne3 Qa5 24. a3 Rxc3 25. Qxb4+ Qxb4 26. axb4 Rcc8 27. Bxb5 Re5 28. Be2 Nxh5 29. Bxh5 Rxh5 30. Rh3 Re5 31. b3 f5 32. g3 Re7 33. Kb2 Rb7 34. c3 Rcb8 35. Nc4 Ke7 36. Na5 Kd6 37. Nxb7+ Rxb7 38. Ka3 Rf7 39. c4 f4 40. c5+ Kd7 41. gxf4 Rxf4 42. Rg1 Rf7 43. Rhg3 g5 44. Rh1 Rf6 45. Rgh3 Rxf2 46. Rxh6 Bf5 47. Ra6 Kc8 48. Rxa7 Kb8 49. Re7 g4 50. Rh8+ Bc8 51. d6 Rd2 52. Rc7 1-0

[Event "Langenhagen-ch op"]
[Site "Langenhagen"]
[Date "2018.09.29"]
[Round "6"]
[White "Herrmann, Andreas"]
[Black "Braun, Alexander"]
[Result "1-0"]
[WhiteElo "2108"]
[BlackElo "1720"]
[PlyCount "111"]
[EventDate "2018.06.09"]
[EventType "swiss"]
[EventRounds "7"]
[EventCountry "GER"]
[SourceTitle "EXT 2023"]
[Source "ChessBase"]
[SourceDate "2022.10.05"]
[SourceVersion "1"]
[SourceVersionDate "2022.10.05"]
[SourceQuality "1"]

1. d4 Nf6 2. Bg5 d5 3. Bxf6 exf6 4. e3 Bd6 5. c4 dxc4 6. Nc3 0-0 7. Bxc4 f5 8. Nf3 Nd7 9. Qc2 Nf6 10. 0-0 c6 11. Rfd1 Qe7 12. d5 Ne4 13. dxc6 bxc6 14. g3 Re8 15. Bf1 g6 16. Nxe4 fxe4 17. Qxc6 Bb7 18. Qxd6 exf3 19. Qxe7 Rxe7 20. Rac1 Rb8 21. Rd4 Kg7 22. b4 f5 23. a3 Be4 24. Rc5 Ra8 25. h4 Kf6 26. Bc4 a6 27. Rd6+ Kg7 28. Kf1 Rea7 29. Ke1 a5 30. b5 a4 31. Kd2 Rb7 32. Kc3 Rab8 33. Kd4 Bb1 34. Rcd5 Kh6 35. Rd7 Bc2 36. Rxb7 Rxb7 37. Rd6 Bb3 38. b6 Kh5 39. Bxb3 axb3 40. Kc3 Kg4 41. a4 b2 42. Kxb2 Kh3 43. a5 Kg2 44. Rd2 Kf1 45. Kb3 Ke1 46. Rc2 h6 47. Kb4 g5 48. hxg5 hxg5 49. Kb5 Re7 50. a6 Re5+ 51. Kc6 Re6+ 52. Kc7 Rh6 53. a7 Rh7+ 54. Kb8 Rh8+ 55. Kb7 Rh7+ 56. Ka6 1-0

[Event "Langenhagen-ch op"]
[Site "Langenhagen"]
[Date "2018.09.01"]
[Round "4"]
[White "Braun, Alexander"]
[Black "Zweigait, Bjoern"]
[Result "1/2-1/2"]
[WhiteElo "1720"]
[BlackElo "1713"]
[PlyCount "48"]
[EventDate "2018.06.09"]
[EventType "swiss"]
[EventRounds "7"]
[EventCountry "GER"]
[SourceTitle "EXT 2023"]
[Source "ChessBase"]
[SourceDate "2022.10.05"]
[SourceVersion "1"]
[SourceVersionDate "2022.10.05"]
[SourceQuality "1"]

1. e4 e5 2. Bc4 Nf6 3. d4 exd4 4. Nf3 Bb4+ 5. c3 dxc3 6. 0-0 0-0 7. bxc3 Bc5 8. e5 Ng4 9. h3 Nxf2 10. Rxf2 Bxf2+ 11. Kxf2 Nc6 12. Ba3 d6 13. exd6 Re8 14. Qb3 Ne5 15. Nxe5 Rxe5 16. Bxf7+ Kh8 17. Nd2 Qh4+ 18. Kg1 Re2 19. Bd5 Qf2+ 20. Kh1 Rxd2 21. dxc7 Bxh3 22. Qxb7 Rc8 23. Bd6 Rb2 24. gxh3 Qf5 1/2-1/2

[Event "Hannover Bezirks op"]
[Site "Hannover"]
[Date "2018.04.11"]
[Round "6.6"]
[White "Braun, Alexander"]
[Black "Zweigait, Bjoern"]
[Result "0-1"]
[WhiteElo "1754"]
[BlackElo "1692"]
[PlyCount "98"]
[EventDate "2018.01.27"]
[EventType "swiss"]
[EventRounds "7"]
[EventCountry "GER"]
[SourceTitle "EXT 2022"]
[Source "ChessBase"]
[SourceDate "2021.10.06"]
[SourceVersion "1"]
[SourceVersionDate "2021.10.06"]
[SourceQuality "1"]

1. e4 e5 2. Nf3 Nc6 3. Bc4 Bc5 4. b4 Bxb4 5. c3 Ba5 6. d4 exd4 7. 0-0 d6 8. Qb3 Qe7 9. Ba3 Bb6 10. Qc2 Nf6 11. e5 Nxe5 12. Nxe5 Qxe5 13. Nd2 0-0 14. cxd4 Qxd4 15. Nf3 Qf4 16. Qb3 Bg4 17. Bc1 Qf5 18. Ng5 d5 19. Bd3 Qe5 20. Qc2 h6 21. Nh7 Rfe8 22. Nxf6+ Qxf6 23. Bb2 Bd4 24. Rab1 b6 25. h3 Bh5 26. g4 Bxb2 27. Rxb2 Bg6 28. Bxg6 fxg6 29. Rb3 c5 30. Kg2 Re5 31. f4 Re4 32. Rbf3 Rae8 33. R1f2 h5 34. Qd3 d4 35. Qc4+ Qe6 36. Qxe6+ R8xe6 37. gxh5 gxh5 38. f5 Rd6 39. f6 gxf6 40. Rf5 d3 41. Kf3 Red4 42. Rd2 c4 43. Rxh5 c3 44. Rg2+ Kf7 45. Rh7+ Ke6 46. Rg8 d2 47. Re8+ Kf5 48. Rh5+ Kg6 49. Reh8 d1Q+ 0-1

[Event "Hannover Bezirk-ch B"]
[Site "Lehrte"]
[Date "2017.10.29"]
[Round "4.12"]
[White "Prange, Joerg"]
[Black "Braun, Alexander"]
[Result "0-1"]
[WhiteElo "1663"]
[BlackElo "1754"]
[PlyCount "88"]
[EventDate "2017.10.28"]
[EventType "swiss"]
[EventRounds "7"]
[EventCountry "GER"]
[SourceTitle "EXT 2022"]
[Source "ChessBase"]
[SourceDate "2021.10.06"]
[SourceVersion "1"]
[SourceVersionDate "2021.10.06"]
[SourceQuality "1"]

1. d4 Nf6 2. Bf4 c5 3. e3 cxd4 4. exd4 Nc6 5. c3 d5 6. Nd2 Bf5 7. Ngf3 e6 8. Nh4 Bg6 9. Qb3 Qb6 10. Qxb6 axb6 11. Bb5 Rc8 12. Nxg6 hxg6 13. 0-0 Be7 14. Rfe1 0-0 15. Re3 Nh5 16. Bg3 Bg5 17. Rd3 Nf4 18. Bxf4 Bxf4 19. Nf3 Rfd8 20. g3 Bd6 21. Re3 Ra8 22. a4 Na5 23. Nd2 Rdc8 24. f4 g5 25. fxg5 e5 26. Kf1 exd4 27. Rf3 dxc3 28. bxc3 Be5 29. Rc1 d4 30. c4 Bd6 31. Rd3 Bc5 32. Ne4 Nc6 33. Nf2 Ne5 34. Rb3 Rd8 35. Kg2 d3 36. Ne4 Rd4 37. Nd2 Rad8 38. Ra1 Ng4 39. Re1 R4d6 40. Re4 Ne3+ 41. Kf3 Nf5 42. Kg2 Nd4 43. Rxd3 Nxb5 44. Rxd6 Nxd6 0-1

[Event "Hannover Bezirk-ch B"]
[Site "Lehrte"]
[Date "2017.10.28"]
[Round "1.7"]
[White "Grabowski, Petra"]
[Black "Braun, Alexander"]
[Result "1/2-1/2"]
[WhiteElo "1565"]
[BlackElo "1754"]
[PlyCount "111"]
[EventDate "2017.10.28"]
[EventType "swiss"]
[EventRounds "7"]
[EventCountry "GER"]
[SourceTitle "EXT 2022"]
[Source "ChessBase"]
[SourceDate "2021.10.06"]
[SourceVersion "1"]
[SourceVersionDate "2021.10.06"]
[SourceQuality "1"]

1. d4 Nf6 2. Nf3 g6 3. Nc3 c5 4. dxc5 Qa5 5. e4 Bg7 6. Bd2 Qxc5 7. Be3 Qa5 8. Qd2 Nc6 9. Bd3 Ng4 10. Nd5 Qxd2+ 11. Bxd2 0-0 12. c3 d6 13. Bb5 Kh8 14. Bxc6 bxc6 15. Nb4 a5 16. Nxc6 Bb7 17. Ncd4 Bxe4 18. 0-0 e5 19. Nb5 Bd3 20. Nxd6 Bxf1 21. Rxf1 Rad8 22. Nb7 Rb8 23. Nxa5 Rxb2 24. Nc4 Rxa2 25. h3 Nf6 26. Ncxe5 Ne4 27. Be1 Kg8 28. c4 Re8 29. Nd3 Rd8 30. Nb4 Ra1 31. Nd5 Rb8 32. Bb4 Rxf1+ 33. Kxf1 h6 34. Ke2 Ba1 35. Ke3 Nf6 36. Nxf6+ Bxf6 37. Bd6 Rb3+ 38. Ke4 Bc3 39. c5 Bb4 40. Kd5 Rb1 41. Ne5 Kg7 42. Nc6 Be1 43. Ne7 Bxf2 44. c6 Rd1+ 45. Ke4 Bb6 46. Nd5 f5+ 47. Ke5 Re1+ 48. Kf4 Re4+ 49. Kf3 Bd8 50. c7 Bxc7 51. Bxc7 Kf7 52. g4 Ke6 53. Nf4+ Kd7 54. gxf5 gxf5 55. Bb8 Rb4 56. Be5 1/2-1/2

[Event "Langenhagen-ch op"]
[Site "Langenhagen"]
[Date "2017.09.10"]
[Round "6"]
[White "Braun, Alexander"]
[Black "Krueger, Finn"]
[Result "1-0"]
[WhiteElo "1646"]
[BlackElo "1709"]
[PlyCount "47"]
[EventDate "2017.06.10"]
[EventType "swiss"]
[EventRounds "7"]
[EventCountry "GER"]
[SourceTitle "EXT 2022"]
[Source "ChessBase"]
[SourceDate "2021.10.06"]
[SourceVersion "1"]
[SourceVersionDate "2021.10.06"]
[SourceQuality "1"]

1. e4 c5 2. Nc3 Nc6 3. f4 d6 4. Nf3 g6 5. Bb5 Bd7 6. Bxc6 Bxc6 7. d4 Bg7 8. Be3 Qa5 9. 0-0 Rd8 10. Qe2 Nf6 11. d5 Bd7 12. e5 dxe5 13. fxe5 Ng4 14. e6 fxe6 15. dxe6 Bxe6 16. Ng5 Nxe3 17. Nxe6 Bd4 18. Kh1 Nxf1 19. Rxf1 Rd6 20. Nb5 Qb6 21. Nxd6+ Qxd6 22. Qb5+ Qc6 23. Nxd4 cxd4 24. Qe5 1-0

[Event "Langenhagen-ch op"]
[Site "Langenhagen"]
[Date "2017.09.02"]
[Round "4"]
[White "Braun, Alexander"]
[Black "Zweigait, Bjoern"]
[Result "0-1"]
[WhiteElo "1646"]
[BlackElo "1740"]
[PlyCount "148"]
[EventDate "2017.06.10"]
[EventType "swiss"]
[EventRounds "7"]
[EventCountry "GER"]
[SourceTitle "EXT 2022"]
[Source "ChessBase"]
[SourceDate "2021.10.06"]
[SourceVersion "1"]
[SourceVersionDate "2021.10.06"]
[SourceQuality "1"]

1. e4 e5 2. Nf3 Nc6 3. Bc4 h6 4. d4 exd4 5. c3 Qe7 6. 0-0 Qc5 7. Bd5 Nf6 8. cxd4 Qb6 9. Nc3 Bb4 10. Qb3 0-0 11. Na4 Qa5 12. a3 b5 13. axb4 bxa4 14. Rxa4 Qb6 15. Be3 Bb7 16. Rfa1 Nxd5 17. exd5 Ne7 18. Ra5 a6 19. Ne5 Qd6 20. Qa4 Nxd5 21. Qxd7 Nxe3 22. fxe3 Qxb4 23. Nc6 Qd2 24. Ne7+ Kh8 25. Qh3 Bxg2 26. Qg3 Be4 27. Re5 Bh7 28. Nf5 Bxf5 29. Rxf5 Qxb2 30. Raf1 Qb3 31. Qf4 a5 32. Rf3 Qd1+ 33. Kg2 Qe2+ 34. Kh3 a4 35. Rh5 Ra6 36. Qg3 Kh7 37. Qf2 Qc4 38. d5 g5 39. Rxf7+ Kg6 40. Rxf8 Kxh5 41. Qf7+ Rg6 42. Kg2 Qe2+ 43. Qf2 Qxf2+ 44. Rxf2 Ra6 45. e4 a3 46. Ra2 Kg4 47. e5 Ra5 48. e6 Rxd5 49. Re2 Rd8 50. e7 Re8 51. h3+ Kf5 52. Kf3 a2 53. Rxa2 Rxe7 54. Ra5+ Re5 55. Ra8 h5 56. Rf8+ Ke6 57. Rh8 h4 58. Kg4 c5 59. Kf3 Kd5 60. Rd8+ Kc4 61. Ra8 Kc3 62. Ra3+ Kb4 63. Rd3 c4 64. Rd8 c3 65. Rd4+ Kb3 66. Rd8 Rb5 67. Ke2 Kb2 68. Ke3 c2 69. Rd2 Kb1 70. Rg2 c1Q+ 71. Kf3 Qf4+ 72. Ke2 Rb2+ 73. Kd3 Rxg2 74. Kc3 Rg3# 0-1

[Event "Hannover-chB"]
[Site "Lehrte"]
[Date "2016.10.04"]
[Round "7"]
[White "Braun, Alexander"]
[Black "Kleine, Matthias"]
[Result "1-0"]
[WhiteElo "1754"]
[BlackElo "1719"]
[PlyCount "78"]
[EventDate "2016.10.01"]
[EventType "swiss"]
[EventRounds "7"]
[EventCountry "GER"]
[SourceTitle "EXT 2020"]
[Source "ChessBase"]
[SourceDate "2019.10.17"]
[SourceVersion "1"]
[SourceVersionDate "2019.10.17"]
[SourceQuality "1"]

1. e4 c5 2. d4 cxd4 3. c3 dxc3 4. Nxc3 Nc6 5. Nf3 d6 6. Bc4 Nf6 7. e5 dxe5 8. Qxd8+ Nxd8 9. Nb5 Rb8 10. Nxe5 Ne6 11. Bxe6 Bxe6 12. Nc7+ Kd8 13. Nxe6+ fxe6 14. Nf7+ Ke8 15. Nxh8 g6 16. 0-0 Bg7 17. Nxg6 hxg6 18. Re1 Kf7 19. Be3 a6 20. Bd4 Rc8 21. Re2 Bh6 22. Rae1 Rc6 23. g3 Nd5 24. a3 Nc7 25. h4 Nd5 26. Be5 Rc4 27. Kg2 b5 28. Re4 Rc6 29. g4 Rc2 30. g5 Bf8 31. R1e2 Rc6 32. Kh3 Bg7 33. Bxg7 Kxg7 34. Kg4 Kf7 35. h5 gxh5+ 36. Kxh5 Rc8 37. g6+ Kg7 38. Kg5 Rc5 39. Re5 Rc1 1-0

[Event "Langenhagen-ch op"]
[Site "Langenhagen"]
[Date "2016.08.06"]
[Round "3"]
[White "Zweigait, Bjoern"]
[Black "Braun, Alexander"]
[Result "1-0"]
[WhiteElo "1693"]
[BlackElo "1627"]
[PlyCount "77"]
[EventDate "2016.06.04"]
[EventType "swiss"]
[EventRounds "7"]
[EventCountry "GER"]
[SourceTitle "CBM 189 Extra"]
[Source "ChessBase"]
[SourceDate "2019.06.03"]
[SourceVersion "1"]
[SourceVersionDate "2019.06.03"]
[SourceQuality "1"]

1. f4 e5 2. fxe5 d6 3. exd6 Bxd6 4. Nf3 Bg4 5. e3 c6 6. Nc3 Nf6 7. Be2 Qc7 8. b3 h5 9. a4 Nbd7 10. Ba3 Bxf3 11. Bxd6 Qxd6 12. Bxf3 Ne5 13. Qe2 0-0-0 14. 0-0-0 Qa3+ 15. Kb1 Rhe8 16. Rhf1 Rd7 17. h3 Kb8 18. d4 Ng6 19. Rfe1 Rde7 20. e4 Nxe4 21. Bxe4 f5 22. Qxh5 Nf4 23. Qxf5 Nxg2 24. Re2 Qb4 25. Rd3 g6 26. Qf3 c5 27. dxc5 Nh4 28. Qf4+ Re5 29. Qxh4 g5 30. Qg3 Ka8 31. Bxb7+ Qxb7 32. Rxe5 Rc8 33. Qf3 Qxf3 34. Rxf3 g4 35. Rf7 Kb8 36. Ree7 Rh8 37. Rb7+ Kc8 38. Rfc7+ Kd8 39. Nb5 1-0

[Event "Hannover-chB"]
[Site "Lehrte"]
[Date "2015.10.31"]
[Round "5"]
[White "Muth, Michael"]
[Black "Braun, Alexander"]
[Result "1-0"]
[WhiteElo "1832"]
[BlackElo "1621"]
[PlyCount "127"]
[EventDate "2015.10.29"]
[EventType "swiss"]
[EventRounds "7"]
[EventCountry "GER"]
[SourceTitle "EXT 2021"]
[Source "ChessBase"]
[SourceDate "2020.10.23"]
[SourceVersion "1"]
[SourceVersionDate "2020.10.23"]
[SourceQuality "1"]

1. d4 Nf6 2. c4 g6 3. Nc3 Bg7 4. e4 d6 5. f3 0-0 6. Be3 Nbd7 7. Nge2 c5 8. Qd2 a6 9. Nc1 Qa5 10. Be2 Rb8 11. 0-0 Re8 12. Rb1 cxd4 13. Bxd4 Nc5 14. b4 Qa3 15. bxc5 dxc5 16. Be3 Nh5 17. Nb3 b6 18. Qc1 Qxc1 19. Rfxc1 Be6 20. Nd5 Bxd5 21. exd5 e6 22. d6 Be5 23. Rd1 Rbd8 24. Nc1 b5 25. Bxc5 Rd7 26. cxb5 Nf4 27. Bf1 Rc8 28. Nb3 Nd5 29. Rbc1 Nc3 30. Rxc3 Bxc3 31. bxa6 Rb8 32. a7 Ra8 33. Bb5 Rb7 34. Bc6 Rbxa7 35. Bxa7 Rxa7 36. d7 Bf6 37. d8Q+ Bxd8 38. Rxd8+ Kg7 39. a4 Rc7 40. Bb5 Rc3 41. Rd3 Rc7 42. Bd7 Kf6 43. a5 h5 44. a6 h4 45. Bb5 h3 46. gxh3 Rc2 47. Nd4 Ra2 48. Nc6 Kg5 49. Rd4 Ra1+ 50. Kg2 Ra2+ 51. Kg3 f5 52. f4+ Kh5 53. Ra4 Rb2 54. Ra3 g5 55. fxg5 e5 56. a7 f4+ 57. Kf3 Rxh2 58. a8Q Rxh3+ 59. Ke4 f3 60. Kf5 Kh4 61. Qh8+ Kg3 62. Rxf3+ Kxf3 63. Qxh3+ Kf2 64. g6 1-0

[Event "Daehne Cup Region Hannover III Rest"]
[Site "Neustadt"]
[Date "2014.06.01"]
[Round "4"]
[White "Glaschak, Joachim"]
[Black "Braun, Alexander"]
[Result "0-1"]
[WhiteElo "1284"]
[BlackElo "1607"]
[PlyCount "30"]
[EventDate "2014.05.??"]
[EventType "swiss"]
[EventCountry "GER"]
[SourceTitle "EXT 2022"]
[Source "ChessBase"]
[SourceDate "2021.10.06"]
[SourceVersion "1"]
[SourceVersionDate "2021.10.06"]
[SourceQuality "1"]

1. d4 Nf6 2. c4 g6 3. Nf3 Bg7 4. Nc3 0-0 5. Bg5 d6 6. Qd2 Na6 7. a3 c5 8. d5 Qa5 9. Bh6 Bd7 10. Bxg7 Kxg7 11. e3 Rab8 12. Be2 Nc7 13. 0-0 b5 14. Ne4 Qxd2 15. Nexd2 bxc4 0-1

[Event "Daehne Cup Region 13/14 III"]
[Site "Burgdorf"]
[Date "2014.02.03"]
[Round "1"]
[White "Braun, Alexander"]
[Black "Foit, Werner"]
[Result "1-0"]
[WhiteElo "1627"]
[BlackElo "1346"]
[PlyCount "111"]
[EventDate "2014.02.03"]
[EventType "k.o."]
[EventRounds "4"]
[EventCountry "GER"]
[SourceTitle "EXT 2022"]
[Source "ChessBase"]
[SourceDate "2021.10.06"]
[SourceVersion "1"]
[SourceVersionDate "2021.10.06"]
[SourceQuality "1"]

1. d4 d5 2. c4 e6 3. Nc3 h6 4. Nf3 Nf6 5. e3 Be7 6. Qc2 c5 7. dxc5 Bxc5 8. a3 a6 9. b4 Ba7 10. Bb2 Nc6 11. Rd1 Ne7 12. Bd3 Ng4 13. c5 0-0 14. h3 Nf6 15. 0-0 b6 16. cxb6 Bxb6 17. Na4 Ba7 18. Rc1 Ne8 19. Ne5 Bb7 20. Nc5 Bxc5 21. bxc5 Nc6 22. Ng4 d4 23. Rfd1 e5 24. exd4 exd4 25. Be4 Qc7 26. Qd3 Rd8 27. Qf3 h5 28. Qf5 g6 29. Nf6+ Nxf6 30. Qxf6 Rfe8 31. Bxc6 Qxc6 32. Qxc6 Bxc6 33. Bxd4 Re4 34. Bf6 Rc8 35. Rd6 Ra4 36. Rcd1 Kf8 37. Rxc6 Re8 38. Rc7 Rf4 39. Ba1 Rfe4 40. Kh2 Re2 41. Rcd7 Rxf2 42. Rd8 Rxd8 43. Rxd8+ Ke7 44. Rd6 a5 45. Bc3 Rf5 46. Bxa5 Rxc5 47. Ra6 Rc8 48. Bb4+ Ke8 49. Ra7 Rd8 50. Re7+ Kf8 51. Rd7+ Ke8 52. Rxd8+ Kxd8 53. Kg3 f6 54. Kf4 Kd7 55. h4 Ke6 56. Ba5 1-0

[Event "Niedersachsen-ch op-A"]
[Site "Verden"]
[Date "2014.01.04"]
[Round "6"]
[White "Braun, Alexander"]
[Black "Laubrock, Paul"]
[Result "0-1"]
[WhiteElo "1808"]
[BlackElo "1751"]
[PlyCount "54"]
[EventDate "2014.01.02"]
[EventType "swiss"]
[EventRounds "7"]
[EventCountry "GER"]
[SourceTitle "EXT 2016"]
[Source "ChessBase"]
[SourceDate "2015.10.08"]
[SourceVersion "1"]
[SourceVersionDate "2015.10.08"]
[SourceQuality "1"]

1. d4 Nf6 2. c4 e6 3. Nc3 d5 4. Bg5 Nbd7 5. Nf3 c6 6. cxd5 exd5 7. e3 Be7 8. Bd3 0-0 9. Qc2 h6 10. h4 Re8 11. Bxf6 Nxf6 12. Ne5 Be6 13. Bf5 Bd6 14. g4 Bxe5 15. dxe5 Nxg4 16. Bxg4 Bxg4 17. f4 Qb6 18. Qf2 f6 19. Rg1 h5 20. Rg3 fxe5 21. fxe5 Rxe5 22. Rd1 Rf8 23. Qg1 d4 24. Rxg4 hxg4 25. Ne2 Qb4+ 26. Nc3 Rxe3+ 27. Kd2 Qxb2# 0-1